<?xml version="1.0" encoding="UTF-8"?>
<collection xmlns="http://www.loc.gov/MARC21/slim">
 <record>
  <leader>02066nam a2200409 a 4500</leader>
  <controlfield tag="001">42111</controlfield>
  <controlfield tag="003">BD-DhAAL</controlfield>
  <controlfield tag="005">20240117155107.0</controlfield>
  <controlfield tag="008">240117t2006    bg a          000 0 ben d</controlfield>
  <datafield tag="010" ind1=" " ind2=" ">
   <subfield code="a">  2006554640</subfield>
  </datafield>
  <datafield tag="020" ind1=" " ind2=" ">
   <subfield code="a">9848120645</subfield>
  </datafield>
  <datafield tag="025" ind1=" " ind2=" ">
   <subfield code="a">B-B-2006-554640; 22; 27; 28</subfield>
  </datafield>
  <datafield tag="037" ind1=" " ind2=" ">
   <subfield code="b">Library of Congress -- New Delhi Overseas Office</subfield>
   <subfield code="c">Tk3000.00 (set)</subfield>
  </datafield>
  <datafield tag="040" ind1=" " ind2=" ">
   <subfield code="a">DLC</subfield>
   <subfield code="c">DLC</subfield>
   <subfield code="d">BD-DhAAL</subfield>
  </datafield>
  <datafield tag="042" ind1=" " ind2=" ">
   <subfield code="a">lcode</subfield>
  </datafield>
  <datafield tag="043" ind1=" " ind2=" ">
   <subfield code="a">a-bg---</subfield>
  </datafield>
  <datafield tag="050" ind1="0" ind2="0">
   <subfield code="a">HQ1745.6</subfield>
   <subfield code="b">.N57 2006</subfield>
  </datafield>
  <datafield tag="082" ind1=" " ind2=" ">
   <subfield code="a">305.42095492</subfield>
   <subfield code="2">23</subfield>
  </datafield>
  <datafield tag="245" ind1="0" ind2="0">
   <subfield code="a">নির্বাচিত বেগম :</subfield>
   <subfield code="b">অর্ধশতাব্দীর সমাজচিত্র,</subfield>
   <subfield code="n">১৯৪৭-২০০০,</subfield>
   <subfield code="n">তৃতীয় খণ্ড /</subfield>
   <subfield code="c">ভূমিকা, আনিসুজ্জামান  ; মালেকা বেগম সংকলিত ও সম্পাদিত.</subfield>
  </datafield>
  <datafield tag="246" ind1="1" ind2=" ">
   <subfield code="i">Title on t.p. verso:</subfield>
   <subfield code="a">Nirbachita Begum</subfield>
  </datafield>
  <datafield tag="246" ind1="1" ind2=" ">
   <subfield code="i">Nirbachita Begum :</subfield>
   <subfield code="b">ardhashatabdir samajchitra, ১৯৪৭-২০০০</subfield>
  </datafield>
  <datafield tag="260" ind1=" " ind2=" ">
   <subfield code="a">ঢাকা :</subfield>
   <subfield code="b">পাঠক সমাবেশ,</subfield>
   <subfield code="c">২০০৬.</subfield>
  </datafield>
  <datafield tag="300" ind1=" " ind2=" ">
   <subfield code="a">১৮৮৬-২৭২২ পৃষ্ঠা :</subfield>
   <subfield code="b">চিত্র ;</subfield>
   <subfield code="c">২৩ সে.মি.</subfield>
  </datafield>
  <datafield tag="362" ind1=" " ind2=" ">
   <subfield code="a">Vol. 3</subfield>
  </datafield>
  <datafield tag="520" ind1=" " ind2=" ">
   <subfield code="a">Contributed articles on socioeconomic conditions of women in Bangladesh and erstwhile East Bengal; selections from various issues published between 1947 and 2000 of 'Begama' journal on women's issues published from Bangladesh.</subfield>
  </datafield>
  <datafield tag="526" ind1=" " ind2=" ">
   <subfield code="a">AAL</subfield>
  </datafield>
  <datafield tag="541" ind1=" " ind2=" ">
   <subfield code="a">Bokhari Boi Ghar</subfield>
   <subfield code="e">42113</subfield>
  </datafield>
  <datafield tag="546" ind1=" " ind2=" ">
   <subfield code="a">In Bengali.</subfield>
  </datafield>
  <datafield tag="650" ind1=" " ind2="0">
   <subfield code="a">Women</subfield>
   <subfield code="z">Bangladesh</subfield>
   <subfield code="x">Social conditions.</subfield>
  </datafield>
  <datafield tag="650" ind1=" " ind2="0">
   <subfield code="a">Women</subfield>
   <subfield code="z">Bangladesh</subfield>
   <subfield code="x">Economic conditions.</subfield>
  </datafield>
  <datafield tag="650" ind1=" " ind2="0">
   <subfield code="a">Women's periodicals.</subfield>
   <subfield code="9">55957</subfield>
  </datafield>
  <datafield tag="700" ind1=" " ind2=" ">
   <subfield code="a">বেগম, মালেকা.</subfield>
  </datafield>
  <datafield tag="700" ind1=" " ind2=" ">
   <subfield code="a">আনিসুজ্জামান.</subfield>
  </datafield>
  <datafield tag="852" ind1=" " ind2=" ">
   <subfield code="a">Ayesha Abed Library</subfield>
   <subfield code="c">General Stacks</subfield>
  </datafield>
  <datafield tag="942" ind1=" " ind2=" ">
   <subfield code="2">ddc</subfield>
   <subfield code="c">BK</subfield>
  </datafield>
  <datafield tag="999" ind1=" " ind2=" ">
   <subfield code="c">46310</subfield>
   <subfield code="d">46310</subfield>
  </datafield>
  <datafield tag="952" ind1=" " ind2=" ">
   <subfield code="0">0</subfield>
   <subfield code="1">0</subfield>
   <subfield code="2">ddc</subfield>
   <subfield code="4">0</subfield>
   <subfield code="6">305_420954920000000_NIR</subfield>
   <subfield code="7">0</subfield>
   <subfield code="9">74966</subfield>
   <subfield code="a">BRACUL</subfield>
   <subfield code="b">BRACUL</subfield>
   <subfield code="c">GEN</subfield>
   <subfield code="d">2024-01-17</subfield>
   <subfield code="e">Bokhari Boi Ghar</subfield>
   <subfield code="g">1133.00</subfield>
   <subfield code="l">1</subfield>
   <subfield code="o">305.42095492 NIR</subfield>
   <subfield code="p">3010042113</subfield>
   <subfield code="r">2024-03-06</subfield>
   <subfield code="s">2024-01-18</subfield>
   <subfield code="t">1</subfield>
   <subfield code="v">1133.00</subfield>
   <subfield code="w">2024-01-17</subfield>
   <subfield code="y">BK</subfield>
  </datafield>
 </record>
</collection>
